Patent it yourself : your step-by-step guide to filing at the U.S. Patent Office (Record no. 11045)
[ view plain ]
| 000 -LEADER | |
|---|---|
| fixed length control field | 00677 a2200205 4500 |
| 020 ## - INTERNATIONAL STANDARD BOOK NUMBER | |
| International Standard Book Number | 978-1-4133-1382-6 (pbk.) |
| 020 ## - INTERNATIONAL STANDARD BOOK NUMBER | |
| International Standard Book Number | 1-4133-1382-5 (pbk.) |
| 040 ## - CATALOGING SOURCE | |
| Original cataloging agency | DLC |
| 082 04 - DEWEY DECIMAL CLASSIFICATION NUMBER | |
| Classification number | 346.730486 |
| 100 ## - MAIN ENTRY--PERSONAL NAME | |
| Personal name | Pressman, David |
| 245 10 - TITLE STATEMENT | |
| Title | Patent it yourself : your step-by-step guide to filing at the U.S. Patent Office |
| Remainder of title | your step-by-step guide to filing at the U.S. Patent Office |
| Statement of responsibility, etc. | David Pressman. |
| 250 ## - EDITION STATEMENT | |
| Edition statement | 15th ed. |
| 260 ## - PUBLICATION, DISTRIBUTION, ETC. | |
| Place of publication, distribution, etc. | Berkeley, Calif. : |
| Name of publisher, distributor, etc. | Nolo, |
| Date of publication, distribution, etc. | 2011. |
| 300 ## - PHYSICAL DESCRIPTION | |
| Extent | 602 p. : |
| Other physical details | ill., forms ; |
| Dimensions | 28 cm. |
| 500 ## - GENERAL NOTE | |
| General note | Includes index. |
| 650 #0 - SUBJECT ADDED ENTRY--TOPICAL TERM | |
| Topical term or geographic name entry element | Patent practice |
| 650 #0 - SUBJECT ADDED ENTRY--TOPICAL TERM | |
| Geographic subdivision | United States. |
| 700 ## - ADDED ENTRY--PERSONAL NAME | |
| Relator code | David Pressman |
| 942 ## - ADDED ENTRY ELEMENTS (KOHA) | |
| Koha item type | Book |
| Call number prefix | 346.730486 PRE |
| Source of classification or shelving scheme | |
| Withdrawn status | Lost status | Damaged status | Not for loan | Collection code | Permanent Location | Current Location | Shelving location | Date acquired | Source of acquisition | Cost, normal purchase price | Total Checkouts | Full call number | Barcode | Date last seen | Date last checked out | Price effective from | Koha item type |
|---|---|---|---|---|---|---|---|---|---|---|---|---|---|---|---|---|---|
| NUST Law School (NLS) | NUST Law School (NLS) | General Stacks | 08/10/2012 | Pak Book Corporation | 4860.00 | 5 | 346.730486 PRE | SEECS011491 | 02/25/2025 | 05/02/2024 | 01/05/2017 | Book |
